000 00584nam a22001817a 4500
005 20251108175909.0
008 250721s2014 xx 000 0 ara d
082 1 4 _aم/956.06/مغل
100 1 _aالغلوث، سامي
245 1 0 _aاطلس الحملات الصليبية على المشرق الاسلامي في العصور الوسطى /
250 _aط.2
264 1 _aالرياض :
_bالعبيكان،
_c2014.
300 _a261ص.
650 1 7 _aالتاريخ الاسلامي
650 1 7 _aالحروب الصليبية
942 _2ddc
_cREF
999 _c145020
_d145020